Đánh giá hiện trạng nguồn nước giếng tại xã Hòa Châu - huyện Hòa Vang - thành phố Đà Nẵng

Cơ sở lý luận và thực tiễn của vấn đề nghiên cứu. Đánh giá hiện trạng nguồn nước giếng tại xã Hòa Châu - Hòa Vang - Đà Nẵng. Ảnh hưởng của chất lượng nguồn nước giéng đối với sức khỏe người dân và một số giải pháp.

שמור ב:
מידע ביבליוגרפי
מחבר ראשי: Nguyễn, Viết Hải Hiệp (Tác giả)
מחברים אחרים: Lê Thị Thanh Hương Th.S (Hướng dẫn)
פורמט: ספר
שפה:Vietnamese
יצא לאור: Đại học Đà Nẵng Đại học Sư phạm 2011
סדרה:Báo cáo nghiên cứu khoa học Khoa Địa lý. Ngành: Cử nhân Địa lý - Môi trường
נושאים:
תגים: הוספת תג
אין תגיות, היה/י הראשונ/ה לתייג את הרשומה!
Thư viện lưu trữ: Mạng thư viện Đại học Đà Nẵng
LEADER 01779nam a2200361 4500
001 000012739
003 9054
005 20120228080220.0
008 120228s2011 viesd
041 |a vie 
072 |a Công trình nghiên cứu khoa học 
082 |a 333.916  |b NG-H 
100 |a Nguyễn, Viết Hải Hiệp  |e Tác giả 
245 |a Đánh giá hiện trạng nguồn nước giếng tại xã Hòa Châu - huyện Hòa Vang - thành phố Đà Nẵng  |c Nguyễn Viết Hải Hiệp, Phan Văn Nhật Anh 
260 |a Đại học Đà Nẵng  |b Đại học Sư phạm  |c 2011 
300 |a 42 tr.  |b Hình ảnh  |c 29 cm  |e Tóm tắt 
490 |a Báo cáo nghiên cứu khoa học Khoa Địa lý. Ngành: Cử nhân Địa lý - Môi trường 
500 |a Phụ lục tr. 43 - 53 
520 |a Cơ sở lý luận và thực tiễn của vấn đề nghiên cứu. Đánh giá hiện trạng nguồn nước giếng tại xã Hòa Châu - Hòa Vang - Đà Nẵng. Ảnh hưởng của chất lượng nguồn nước giéng đối với sức khỏe người dân và một số giải pháp. 
653 |a Nguồn nước giếng 
653 |a Hiện trạng 
653 |a Hòa Châu - Hòa Vang - Đà Nẵng 
700 |a Lê Thị Thanh Hương  |c Th.S  |e Hướng dẫn 
OWN |a LSP 
AVA |a UDN50  |b LSP  |d 333.916 NG-H  |e available  |t Error 5001 Not defined in file expand_doc_bib_avail.  |f 1  |g 0  |h N  |i 0  |k 1 
999 |a From the UDN01 
AVA |a UDN50  |b LSP  |d 333.916 NG-H  |e available  |t Error 5001 Not defined in file expand_doc_bib_avail.  |f 1  |g 0  |h N  |i 0  |k 1 
TYP |a Monograph 
TYP |a Printed language 
980 |a Mạng thư viện Đại học Đà Nẵng